| 000 | 00838nam a22002297a 4500 | ||
|---|---|---|---|
| 003 | OSt | ||
| 005 | 20191029062703.0 | ||
| 008 | 180320b xxu||||| |||| 00| 0 spa d | ||
| 020 | _a9501406172 | ||
| 040 | _cPJ | ||
| 100 |
_aGaribotto, Juan Carlos _92529 |
||
| 245 | 1 | 0 |
_aTeoría general del acto jurídico / _cJuan Carlos Garibotto. |
| 260 |
_aBuenos Aires : _bDepalma, _c1991. |
||
| 300 |
_axxi, 350 p. _c23 cm. |
||
| 500 | _aCitas y notas bibliográficas a pie de página. | ||
| 504 | _aBibliografía: p. 343-350. | ||
| 505 | _aContenido: Concepto, elementos, efectos, defectos, ineficacia y convalidación de los negocios jurídicos. Doctrina y jurisprudencia. | ||
| 650 | 0 |
_9352 _aDERECHO CIVIL |
|
| 650 | 0 |
_92523 _aHECHOS Y ACTOS JURÍDICOS |
|
| 650 | 0 |
_aACTOS JURÍDICOS _92528 |
|
| 942 |
_2udc _cLIB _h347.132.1 _iGAR |
||
| 999 |
_c1660 _d1660 |
||